000 00917nam a22002295i 4500
001 48621
003 ES-MaACL
005 20250805063239.0
007 t|
008 950721s1892 po ||||1| por d
040 _aCAM
_bspa
_cCAM
100 1 _aDelgado, Joaquim Filipe Nery,
_d1835-1908
_943410
245 1 0 _aFauna silurica de Portugal
_b: descripçao de uma fórma nova de trilobite: lichas (uralichas) ribeiroi /
_cpor J.F.N. Delgado.
260 _aLisboa :
_bCommissâo dos Trabalhos Geologicos de Portugal,
_c1892 (
_ftypographia da Academia Real das Sciencias)
300 _a31 p., VI h. de lám. ;
_c32 cm ;
_c32 cm.
500 _aEn el interior, port. y texto paralelo en francés.
650 1 4 _aTrilobites-
_zPortugal.
_917648
650 4 _aPaleontología-
_zPortugal.
_9167307
710 2 _aAcademia das Ciências de Lisboa.
_91159
852 _aES-MaACL
_jG-6155(1)
999 _c48621
_d48621